| 000 | 01020nas a2200277 i 4500 | ||
|---|---|---|---|
| 001 | 190278 | ||
| 003 | ES-MaACL | ||
| 005 | 20260616130213.0 | ||
| 008 | 201013d1911 sp ar | ||at d | ||
| 022 | _a2481-7864 | ||
| 080 | _a(059) | ||
| 245 | 0 | 0 |
_aAlmanach dels noucentistes / _cEladi Homs, Homer, Joseph Clará ... [et al. ; gravats de C. Murtra]. |
| 260 |
_aBarcelona : _b[s.n., _c1911] ( _fObrador de Joaquim Horta) |
||
| 300 |
_a1 v. ([66] p., [12] h. de lám. col. y n.) : _bil. ; _c33 cm. |
||
| 530 | _aDisponible en formato digital. | ||
| 650 | 4 |
_aLiteratura catalana- _yS.XIX. _9168447 |
|
| 700 | 1 |
_aHoms, Eladi ( _d1886-1973) _9174785 |
|
| 700 | 0 |
_aHomero _964112 |
|
| 700 | 1 |
_aClará, José ( _d1878-1958) _938989 |
|
| 852 | 4 |
_aES-MaACL _jF-14713 _x- Con hongos; restaurado 12-7-1991 |
|
| 856 | 4 |
_uhttps://mdc.csuc.cat/digital/collection/llibimps19/id/57829 _zMemòria Digital de Catalunya |
|
| 866 | 0 | _o1911 | |
| 942 |
_2udc _cPERIODICO |
||
| 999 |
_c190278 _d190278 |
||